Къде отива боклукът? (Запис номер 390727)
[ съкратено ]
| 000 -Лидер | |
|---|---|
| Контролно поле с фиксирана дължина | 01732nam a2200421 a 4500 |
| 003 - Код на организацията, давaща контролен номер | |
| Контролно поле | BLK |
| 005 - Дата и час на последна редакция | |
| Контролно поле | 20250517135440.0 |
| 008 - Елементи от данни с фиксирана дължина | |
| fixed length control field | 180407b bul|||||r ||||||| ||bul|| |
| 010 ## - Наследен системен номер | |
| LC control number | KNG00030965000 |
| 020 ## - Международен стандартен номер на книга ISBN | |
| Международен стандартен номер на книга ISBN | 9786192290351 |
| 040 ## - Източник на каталожния запис | |
| Идентификатор на билиотеката - собственик на записа | BLK |
| 041 ## - Код за език | |
| Код за езика на текст/звукозапис или на отделно заглавие | Български |
| Код за езика КДБФ | Български |
| 080 ## - УДК | |
| Текстов определител УДК | Проблеми на опазване на природата, свързани с отпадъчни води и отпадъци |
| УДК код - определител по УДК | 502:628.3/.5 |
| УДК - код + определител | 502:628.3/.5 |
| 100 ## - Редна дума - Автор | |
| Автор | Френч, Джес |
| Авторска отговорност | първи автор |
| R(LIN) | 435666 |
| 139 ## - Редно поле | |
| Редна дума | Френч, Джес |
| Авторски знак | Фре - Ф 82 |
| 245 10 - Сведения за заглавието | |
| Заглавие | Къде отива боклукът? |
| Подзаглавни данни | Отпадъци, рециклиране и грижа за нашата планета |
| Редно поле (дума) | Джес Френч; прев. от англ. Габриела Кожухарова; ил. Сяо Лин, Рейчъл Хънт, Бетина Стовне. |
| 257 ## - Страна на издаване | |
| Страна на създаване/издаване | България |
| 260 ## - Област на издателските данни | |
| Място на издаване, разпространение и проч. | София |
| Име на издателя, разпространителя и проч. | Ракета |
| Година на издаване | 2020 |
| 9 (RLIN) | 217388 |
| 300 ## - Физическа характеристика | |
| Страници | 72 с. |
| Илюстрации и др. | с ил. |
| Размери/Мащаб | 28 см |
| 380 ## - Жанр | |
| Жанр | Детска отраслова лит. |
| 650 #4 - Допълнително описание по предмет – тема | |
| Основно описание – тема или топоним | Околна среда - опазване |
| 9 (RLIN) | 244652 |
| 653 ## - Ключова дума – ненормативна | |
| Ключова дума | опазване на околната среда |
| 653 ## - Ключова дума – ненормативна | |
| Ключова дума | отпадъци |
| 700 ## - Други автори (авторска отговорност) | |
| Лично име | Кожухарова, Габриела Любомирова |
| Автороска отговорност (Описва отношението между автора и произведението) | прев. от англ. |
| 9 (RLIN) | 435104 |
| 700 ## - Други автори (авторска отговорност) | |
| Лично име | Сяо Лин |
| Автороска отговорност (Описва отношението между автора и произведението) | ил. |
| 9 (RLIN) | 435667 |
| 700 ## - Други автори (авторска отговорност) | |
| Лично име | Хънт, Рейчъл |
| Автороска отговорност (Описва отношението между автора и произведението) | ил. |
| 9 (RLIN) | 435668 |
| 700 ## - Други автори (авторска отговорност) | |
| Лично име | Стовне, Бетина |
| Автороска отговорност (Описва отношението между автора и произведението) | ил. |
| 9 (RLIN) | 599 |
| 852 ## - Местоположение | |
| Форматна сигнатура | Цб ІІ 30325 |
| 856 4# - Електронен адрес и достъп | |
| Електронен формат | pdf - файл |
| 856 4# - Електронен адрес и достъп | |
| Електронен формат | pdf - файл |
| 999 ## - СИСТЕМНИ КОНТРОЛНИ НОМЕРА | |
| Koha biblionumber | 390727 |
| Koha biblioitemnumber | 390727 |
| 942 ## - АРТИКУЛИ | |
| Вид на библиотечния материал | Книги |
| Скрит в OPAC | Не |
| Периодичен библиозапис | Да |
| Koha issues (borrowed), all copies | 40 |
| 944 ## - СЪЗДАВАНЕ И РЕДАКЦИЯ на ЗАПИСА | |
| Създаване/Редакция | Създаване |
| Дата на регистрацията/редакция | 2020-10-27 |
| Служител, извършил регистрацията/редакцията | 30550 |
| Статус, дата на статуса | Кети Илиева |
| 944 ## - СЪЗДАВАНЕ И РЕДАКЦИЯ на ЗАПИСА | |
| Създаване/Редакция | Редакция |
| Дата на регистрацията/редакция | 18.09.2015 |
| Служител, извършил регистрацията/редакцията | Елица_Владова |
| 999 ## - СИСТЕМНИ КОНТРОЛНИ НОМЕРА | |
| Koha biblioitemnumber | 390727 |
| 999 ## - СИСТЕМНИ КОНТРОЛНИ НОМЕРА | |
| Koha biblioitemnumber | 390727 |
| 999 ## - СИСТЕМНИ КОНТРОЛНИ НОМЕРА | |
| Koha biblioitemnumber | 390727 |
| 999 ## - СИСТЕМНИ КОНТРОЛНИ НОМЕРА | |
| Koha biblioitemnumber | 28371 |
| Код за отписване | Код за изгубен артикул | Източник на класификационната схема | Код за повреда | Код за отдаване | Артикулен № | Име на библиотеката - собственик | Име на библиотеката, в която се намира в момента | Статус (Текущо местоположение) | Дата на вписване в системата | Местоположение - отдел | Цена в лева | Систематично азбучна сигнатура | Баркод | Цена в евро | Служебен тип на артикула | Коз за рестрикции |
|---|---|---|---|---|---|---|---|---|---|---|---|---|---|---|---|---|
| Не е изгубен | Universal Decimal Classification | Не е повреден | заемане за дома | 804128 | Регионална библиотека "Любен Каравелов" Русе | Регионална библиотека "Любен Каравелов" Русе | Детски отдел | 2020-10-28 | Детски отдел | 14.92 | 50/Ф 82 Д | 120000849476 | 7.63 | Книги | ||
| Не е изгубен | Universal Decimal Classification | Не е повреден | ползва се в читалня | 857742 | Регионална библиотека "Любен Каравелов" Русе | Регионална библиотека "Любен Каравелов" Русе | Хранилище | 2021-10-18 | Хранилище | 19.90 | Цб ІІ 30325 | 120000860595 | 10.17 | Книги | само за читалня | |
| Не е изгубен | Universal Decimal Classification | Не е повреден | заемане за дома | 861942 | Регионална библиотека "Любен Каравелов" Русе | Регионална библиотека "Любен Каравелов" Русе | Детски отдел | 2021-11-15 | Детски отдел | 13.92 | 50/Ф 82 Д | 120000862452 | 7.12 | Книги | без рестрикции | |
| Не е изгубен | Universal Decimal Classification | Не е повреден | заемане за дома | 902578 | Регионална библиотека "Любен Каравелов" Русе | Регионална библиотека "Любен Каравелов" Русе | Детски отдел | 2022-09-01 | Детски отдел | 19.90 | 50/Ф 82 Д | 120000875494 | 10.17 | Книги | без рестрикции | |
| Не е изгубен | Universal Decimal Classification | Не е повреден | заемане за дома | 902579 | Регионална библиотека "Любен Каравелов" Русе | Регионална библиотека "Любен Каравелов" Русе | Детски отдел | 2022-09-01 | Детски отдел | 19.90 | 50/Ф 82 Д | 120000875496 | 10.17 | Книги | без рестрикции | |
| Не е изгубен | Universal Decimal Classification | Не е повреден | заемане за дома | 902580 | Регионална библиотека "Любен Каравелов" Русе | Регионална библиотека "Любен Каравелов" Русе | Детски отдел | 2022-09-01 | Детски отдел | 19.90 | 50/Ф 82 Д | 120000875495 | 10.17 | Книги | без рестрикции |